000 00850nam a2200205Ia 4500
003 IN-BaIIA
008 211028s9999 xx 000 0 eng d
020 _a0-8194-2901-5
040 _cIIA Library
080 _a535(082.1)
_bSPI-3446
100 _aDoty, F. Patrick
_924252
245 0 _aHard x-ray and gamma-ray detector physics and applications
_bproceedings of SPIE conference on hard x-ray and gamma-ray detector physics and applications, held in San Diego, California, 22-23 July 1998
_cF. Patrick Doty and Richard B. Hoover
260 _aWashington
_bThe International Society for Optical Engineering
_c1998
300 _aviii, 268p.
490 _aSPIE proceedings series; vol. 3446
650 _aSpectroscopy
_91535
650 _aX-Rays
_91886
700 _aHoover, Richard B.,
_924253
942 _cBK
999 _c13817
_d13817